<?xml version="1.0" encoding="UTF-8"?>
<record
    xmlns:xsi="http://www.w3.org/2001/XMLSchema-instance"
    xsi:schemaLocation="http://www.loc.gov/MARC21/slim http://www.loc.gov/standards/marcxml/schema/MARC21slim.xsd"
    xmlns="http://www.loc.gov/MARC21/slim">

  <leader>02219    a2200241   4500</leader>
  <controlfield tag="001">44909</controlfield>
  <controlfield tag="005">20260407155724.0</controlfield>
  <controlfield tag="008">260407a2012    arg                 spa d</controlfield>
  <controlfield tag="003">AR-UNSa-BCEJYS</controlfield>
  <datafield tag="040" ind1=" " ind2=" ">
    <subfield code="a">AR-UNSa-BCEJYS</subfield>
    <subfield code="b">spa</subfield>
    <subfield code="c">AR-UNSa-BCEJYS</subfield>
  </datafield>
  <datafield tag="080" ind1=" " ind2=" ">
    <subfield code="a">330.101.541</subfield>
    <subfield code="x">Macroeconom&#xED;a</subfield>
  </datafield>
  <datafield tag="245" ind1="1" ind2="0">
    <subfield code="a">Macroeconom&#xED;a, empleo e ingresos</subfield>
    <subfield code="p">debates y pol&#xED;ticas en Argentina frente a la crisis internacional 2008-2009</subfield>
  </datafield>
  <datafield tag="020" ind1=" " ind2=" ">
    <subfield code="a">978-92-2-326093-4</subfield>
  </datafield>
  <datafield tag="264" ind1=" " ind2="1">
    <subfield code="a">Buenos Aires :</subfield>
    <subfield code="b">OIT</subfield>
    <subfield code="c">2012</subfield>
  </datafield>
  <datafield tag="300" ind1=" " ind2=" ">
    <subfield code="a">363 p.</subfield>
    <subfield code="c">30 cm.</subfield>
  </datafield>
  <datafield tag="505" ind1=" " ind2=" ">
    <subfield code="a">1. Modelos emergentes despu&#xE9;s de la crisis internacional. La configuraci&#xF3;n del capitalismo mundial / Ricardo Aronskind &#x2013; 2. El modelo econ&#xF3;mico ante la crisis internacional: sostenimiento de las condiciones laborales y sociales en Argentina / Federico Pastrana; Fernando Toledo y Soledad Villafa&#xF1;e &#x2013; 3. An&#xE1;lisis comparado de las experiencias de Argentina y Brasil durante la crisis internacional / Federico Pastrana; Fernando Toledo y Soledad Villafa&#xF1;e &#x2013; 4. Comercio y empleo durante la crisis internacional: la din&#xE1;mica de las exportadoras industriales / Anah&#xED;  Amar y Lucia Tumini &#x2013; 5. Din&#xE1;mica del empleo formal en contexto de crisis / Victoria Castillo; Sof&#xED;a Rojo Brizuela y Diego Schleser &#x2013; 6. El impacto de las pol&#xED;ticas laborales contrac&#xED;clicas  sobre el empleo asalariado registrado /Victoria Castillo; Sof&#xED;a Rojo Brizuela y Diego Schleser &#x2013; 7. Negociaci&#xF3;n colectiva y recuperaci&#xF3;n econ&#xF3;mica en Argentina / H&#xE9;ctor Palomino y Diego Trajtemberg &#x2013; 8. La industria metalmec&#xE1;nica frente a la crisis internacional. Impacto y medidas / Nicol&#xE1;s Bonofiglio y H&#xE9;ctor Morholang &#x2013; 9. Determinantes de la din&#xE1;mica del empleo en el sector metalmec&#xE1;nico durante la crisis global. Influencia de las capacidades tecno-organizacionales  y de conectividad de las firmas / Florencia Barletta; Victoria Castillo y Gabriel Yoguel.</subfield>
  </datafield>
  <datafield tag="041" ind1=" " ind2=" ">
    <subfield code="a">spa</subfield>
  </datafield>
  <datafield tag="942" ind1=" " ind2=" ">
    <subfield code="c">BK</subfield>
  </datafield>
  <datafield tag="590" ind1=" " ind2=" ">
    <subfield code="a">niveau_biblio:m niveau_hierar:0</subfield>
  </datafield>
  <datafield tag="100" ind1="1" ind2=" ">
    <subfield code="a">Argentina. Ministerio de Trabajo, Empleo y Seguridad Social</subfield>
  </datafield>
  <datafield tag="700" ind1="1" ind2=" ">
    <subfield code="a">Organizaci&#xF3;n Internacional del Trabajo (OIT)</subfield>
  </datafield>
  <datafield tag="856" ind1="4" ind2="1">
    <subfield code="u">https://www.biblioeco.unsa.edu.ar/pmb/images/libros/L127033.jpg</subfield>
    <subfield code="y">Imagen de portada</subfield>
    <subfield code="q">image/jpeg</subfield>
  </datafield>
  <datafield tag="999" ind1=" " ind2=" ">
    <subfield code="c">3850</subfield>
    <subfield code="d">3850</subfield>
  </datafield>
  <datafield tag="952" ind1=" " ind2=" ">
    <subfield code="0">0</subfield>
    <subfield code="1">0</subfield>
    <subfield code="4">0</subfield>
    <subfield code="7">0</subfield>
    <subfield code="a">BCEJYS</subfield>
    <subfield code="b">BCEJYS</subfield>
    <subfield code="c">16</subfield>
    <subfield code="d">2026-04-07</subfield>
    <subfield code="l">0</subfield>
    <subfield code="o">330.101.541 O68</subfield>
    <subfield code="p">L127033</subfield>
    <subfield code="r">2026-04-07 15:57:24</subfield>
    <subfield code="w">2026-04-07</subfield>
    <subfield code="y">L</subfield>
  </datafield>
  <datafield tag="952" ind1=" " ind2=" ">
    <subfield code="0">0</subfield>
    <subfield code="1">0</subfield>
    <subfield code="4">0</subfield>
    <subfield code="7">0</subfield>
    <subfield code="a">BCEJYS</subfield>
    <subfield code="b">BCEJYS</subfield>
    <subfield code="c">16</subfield>
    <subfield code="d">2026-04-07</subfield>
    <subfield code="l">0</subfield>
    <subfield code="o">330.101.541 O68</subfield>
    <subfield code="p">L127285</subfield>
    <subfield code="r">2026-04-07 15:57:24</subfield>
    <subfield code="w">2026-04-07</subfield>
    <subfield code="y">L</subfield>
  </datafield>
</record>
